| 000 | 00453nam a2200205Ia 4500 | ||
|---|---|---|---|
| 999 |
_c9572 _d9572 |
||
| 003 | 0100 | ||
| 005 | 20170512155559.0 | ||
| 008 | 130303s9999 xx 000 0 und d | ||
| 020 | _a852557310 | ||
| 040 | _cARRUPELIB | ||
| 050 | _aDT433.577.K471996 | ||
| 100 |
_aGreet, Kershaw _930836 |
||
| 245 | _aMau Mau from below | ||
| 260 |
_bJames currey _aOxford _c1996 |
||
| 300 | _a354p. | ||
| 300 | _b 24cm | ||
| 440 |
_aEastern African studies _930694 |
||
| 650 |
_aMau Mau _xHistory _930837 |
||
| 650 |
_aKenya _xHistory _918734 |
||
| 942 | 0 | 0 |
_02 _2lcc _cMONOGRAPH |